Women, law and public opinion (Record no. 395936)

000 -LEADER
fixed length control field 00432cam a22001577a 4500
008 - FIXED-LENGTH DATA ELEMENTS--GENERAL INFORMATION
fixed length control field 180718b2001 xxu||||| |||| 00| 0 eng d
020 ## - INTERNATIONAL STANDARD BOOK NUMBER
International Standard Book Number 8170336422
082 ## - DEWEY DECIMAL CLASSIFICATION NUMBER
Classification number B142 G959
100 ## - MAIN ENTRY--PERSONAL NAME
Personal name Gupta, Krishna
245 ## - TITLE STATEMENT
Title Women, law and public opinion
Statement of responsibility, etc. by Krishna Gupta
260 ## - PUBLICATION, DISTRIBUTION, ETC.
Place of publication, distribution, etc. Jaipur
Name of publisher, distributor, etc. Rawat
Date of publication, distribution, etc. 2001
300 ## - PHYSICAL DESCRIPTION
Extent 228p.
650 ## - SUBJECT ADDED ENTRY--TOPICAL TERM
Topical term or geographic name entry element Women - United States.
650 ## - SUBJECT ADDED ENTRY--TOPICAL TERM
Topical term or geographic name entry element Women - Rights of women - India
650 ## - SUBJECT ADDED ENTRY--TOPICAL TERM
Topical term or geographic name entry element Women - India
Holdings
Withdrawn status Lost status Damaged status Not for loan Permanent Location Current Location Date acquired Full call number Barcode Date last seen Price effective from Koha item type
        Indian Institute of Public Administration Indian Institute of Public Administration 2001-03-13 B142 G959 76525 2018-07-21 2018-07-21 Book

Powered by Koha